Sélection de Tuiles - Culture Générale - Statistiques

Statistiques générales
  • Ce quiz a été pris 15 497 fois
  • Le résultat moyen est 54 sur 72
Statistiques - réponses
Question Tuile Select % Correct
les éléments du tableau périodique Or Oui
96%
les distances plus petites qu'un mètre Gigamètre Non
95%
les distances plus petites qu'un mètre Kilomètre Non
95%
les pays dont la capitale commence par B Canada Non
93%
les distances plus petites qu'un mètre Centimètre Oui
93%
les distances plus petites qu'un mètre Micromètre Oui
93%
les distances plus petites qu'un mètre Nanomètre Oui
93%
les distances plus petites qu'un mètre Téramètre Non
93%
les pays dont la capitale commence par B Ukraine Non
93%
les distances plus petites qu'un mètre Hectomètre Non
92%
les villes qui se situent en Europe Ajaccio Oui
91%
les pays dont la capitale commence par B Cuba Non
91%
les villes qui se situent en Europe Douchanbé Non
91%
les villes qui se situent en Europe Annaba Non
89%
les mots qui existent en allemand Kinder Oui
88%
les pays dont la capitale commence par B Libye Non
88%
les mots qui existent en allemand Tysk Non
88%
les mots qui existent en allemand Konijn Non
87%
les nombres premiers 14 Non
86%
les villes qui se situent en Europe Asmara Non
86%
les distances plus petites qu'un mètre Décimètre Oui
86%
les mots qui existent en allemand Schnell Oui
85%
les pays dont la capitale commence par B Venezuela Non
85%
les villes qui se situent en Europe Vientiane Non
85%
les éléments du tableau périodique Granite Non
84%
les mots qui existent en allemand Ország Non
84%
les nombres premiers 65 Non
83%
les pays dont la capitale commence par B Argentine Oui
83%
les villes qui se situent en Europe Riga Oui
83%
les mots qui existent en allemand Skygge Non
83%
les villes qui se situent en Europe Tabriz Non
83%
les nombres premiers 7 Oui
82%
les mots qui existent en allemand Kartoffel Oui
82%
les mots qui existent en allemand Måne Non
82%
les éléments du tableau périodique Bore Oui
78%
les distances plus petites qu'un mètre Picomètre Oui
78%
les nombres premiers 9 Non
77%
les mots qui existent en allemand Shark Non
77%
les pays dont la capitale commence par B Tadjikistan Non
77%
les nombres premiers 27 Non
76%
les nombres premiers 0 Non
75%
les distances plus petites qu'un mètre Zettamètre Non
74%
les nombres premiers 19 Oui
73%
les pays dont la capitale commence par B Thaïlande Oui
73%
les pays dont la capitale commence par B Liban Oui
72%
les éléments du tableau périodique Quartz Non
72%
les villes qui se situent en Europe Recife Non
72%
les nombres premiers 121 Non
71%
les nombres premiers 37 Oui
70%
les éléments du tableau périodique Étain Oui
70%
les éléments du tableau périodique Laiton Non
68%
les villes qui se situent en Europe Gdańsk Oui
67%
les éléments du tableau périodique Acier Non
66%
les éléments du tableau périodique Canadium Non
66%
les mots qui existent en allemand Arbeit Oui
65%
les nombres premiers 103 Oui
63%
les nombres premiers 2 Oui
63%
les éléments du tableau périodique Krypton Oui
62%
les villes qui se situent en Europe Odessa Oui
62%
les pays dont la capitale commence par B Mali Oui
60%
les mots qui existent en allemand Mögen Oui
60%
les pays dont la capitale commence par B Slovaquie Oui
60%
les mots qui existent en allemand Brot Oui
57%
les villes qui se situent en Europe Aberdeen Oui
55%
les éléments du tableau périodique Yttrium Oui
53%
les nombres premiers 89 Oui
48%
les éléments du tableau périodique Bronze Non
48%
les distances plus petites qu'un mètre Femtomètre Oui
47%
les villes qui se situent en Europe Bari Oui
44%
les pays dont la capitale commence par B Brunei Oui
43%
les éléments du tableau périodique Antimoine Oui
34%
les distances plus petites qu'un mètre Zeptomètre Oui
27%
Aucun quiz correspondant
Distribution des résultats
% des personnes avec chaque résultat
Percentile par nombre de réponses
Votre historique - résultats
Vous n’avez pas pris ce quiz